| 000 | 00376nam a22001457a 4500 | ||
|---|---|---|---|
| 020 | _qPB. | ||
| 040 | _cFIZZA ISHAQ | ||
| 082 |
_a328.730 _bROB |
||
| 100 |
_aMcFADDEN,L.ROBERTA. _9133998 |
||
| 245 |
_aCHOICES FRESHMAN SEMINAR / _cROBERTA L.McFADDEN. |
||
| 250 | _a8TH ED. | ||
| 260 |
_aNEW YORK ; _bCOPLEY CUSTOM, _c2007. |
||
| 300 |
_a415 P. ; _c9.2X6.1IN |
||
| 942 |
_2ddc _cBK |
||
| 999 |
_c616931 _d616931 |
||